000 00712nam a2200289Ia 4500
005 20260324135831.0
008 008 260324s9999 xx 000 0 eng d
020 _a9781315862378
037 _aEBOOK
040 _aCRL
040 _beng
040 _cCRL
041 _2eng
041 _aeng
084 _qCRL
100 _aMarvin D Feit; Hilary N Weaver; John S Wodarski
_91202097
245 0 _aVoices of First Nations People
245 0 _bHuman Services Considerations
260 _bTaylor and Francis
260 _c1999
365 _a
365 _b205
856 _uhttp://www.taylorfrancis.com/books/9781315862378
942 _cEBOOK
999 _c1803571
_d1803571